<?xml version="1.0" encoding="UTF-8"?>
<record
    xmlns:xsi="http://www.w3.org/2001/XMLSchema-instance"
    xsi:schemaLocation="http://www.loc.gov/MARC21/slim http://www.loc.gov/standards/marcxml/schema/MARC21slim.xsd"
    xmlns="http://www.loc.gov/MARC21/slim">

  <leader>02077nam a22002897a 4500</leader>
  <controlfield tag="001">279</controlfield>
  <controlfield tag="003">OSt</controlfield>
  <controlfield tag="005">20250528074016.0</controlfield>
  <controlfield tag="008">250314b        |||||||e |||| 00| f eng d</controlfield>
  <datafield tag="040" ind1=" " ind2=" ">
    <subfield code="b">por</subfield>
  </datafield>
  <datafield tag="041" ind1=" " ind2=" ">
    <subfield code="h">por</subfield>
  </datafield>
  <datafield tag="082" ind1=" " ind2=" ">
    <subfield code="a">B869.93</subfield>
    <subfield code="b">A848m</subfield>
  </datafield>
  <datafield tag="100" ind1=" " ind2=" ">
    <subfield code="a">Assis, Machado de / </subfield>
    <subfield code="d">1839- 1908</subfield>
    <subfield code="c">Joaquim Maria Machado de Assis</subfield>
  </datafield>
  <datafield tag="245" ind1=" " ind2=" ">
    <subfield code="a">Mem&#xF3;rias P&#xF3;stumas de Br&#xE1;s Cubas - </subfield>
    <subfield code="b">Dom Casmurro / </subfield>
    <subfield code="c">Assis, Machado de</subfield>
  </datafield>
  <datafield tag="260" ind1=" " ind2=" ">
    <subfield code="a">S&#xE3;o Paulo</subfield>
    <subfield code="b">Paulo</subfield>
    <subfield code="c">Abril</subfield>
  </datafield>
  <datafield tag="300" ind1=" " ind2=" ">
    <subfield code="a">346 p.</subfield>
  </datafield>
  <datafield tag="490" ind1="1" ind2=" ">
    <subfield code="a">Os Imortais da Literatura Universal</subfield>
  </datafield>
  <datafield tag="520" ind1=" " ind2=" ">
    <subfield code="a">&#xC9; ap&#xF3;s a morte que Br&#xE1;s Cubas decide narrar suas mem&#xF3;rias. Nesta condi&#xE7;&#xE3;o, nada pode suavizar seu ponto de vista ir&#xF4;nico e mordaz sobre uma sociedade em que as institui&#xE7;&#xF5;es se baseiam na hipocrisia. O casamento, o adult&#xE9;rio, os comportamentos individuais e sociais n&#xE3;o escapam &#xE0; sua vis&#xE3;o aguda e implac&#xE1;vel, nesta obra fundamental de Machado de Assis. /
Machado de Assis (1839-1908), escrevendo Dom Casmurro, produziu um dos maiores livros da literatura universal. Mas criando Capitu, a espantosa menina de "olhos obl&#xED;quos e dissimulados", de "olhos de ressaca", Machado nos legou um incr&#xED;vel mist&#xE9;rio, um mist&#xE9;rio at&#xE9; hoje indecifrado. H&#xE1; quase cem anos os estudiosos e especialistas o esmiu&#xE7;am, o analisam sob todos os aspectos. Em v&#xE3;o. Embora o autor se tenha dado ao trabalho de distribuir pelo caminho todas as pistas para quem quisesse decifrar o enigma, ningu&#xE9;m ainda o desvendou. A alma de Capitu &#xE9;, na verdade, um labirinto sem sa&#xED;da, um labirinto que Machado tamb&#xE9;m j&#xE1; explorara em personagens como Virg&#xED;lia (Mem&#xF3;rias P&#xF3;stumas de Br&#xE1;s Cubas) e Sofia (Quincas Borba), personagens constru&#xED;das a partir da ambig&#xFC;idade psicol&#xF3;gica, como Jorge Luis Borges gostaria de ter inventado.</subfield>
  </datafield>
  <datafield tag="650" ind1=" " ind2="0">
    <subfield code="a">Literatura Brasileira</subfield>
    <subfield code="9">205</subfield>
  </datafield>
  <datafield tag="650" ind1=" " ind2="0">
    <subfield code="a">Cr&#xED;tica social</subfield>
    <subfield code="9">514</subfield>
  </datafield>
  <datafield tag="650" ind1=" " ind2="0">
    <subfield code="a">Romance Psicol&#xF3;gico </subfield>
    <subfield code="9">509</subfield>
  </datafield>
  <datafield tag="650" ind1=" " ind2="0">
    <subfield code="a">Adult&#xE9;rio e ci&#xFA;me</subfield>
    <subfield code="9">515</subfield>
  </datafield>
  <datafield tag="655" ind1=" " ind2="0">
    <subfield code="a">Romance</subfield>
    <subfield code="9">23</subfield>
  </datafield>
  <datafield tag="655" ind1=" " ind2="0">
    <subfield code="a">Fic&#xE7;&#xE3;o </subfield>
    <subfield code="9">22</subfield>
  </datafield>
  <datafield tag="830" ind1=" " ind2=" ">
    <subfield code="a">Os Imortais da Literatura Universal</subfield>
    <subfield code="9">461</subfield>
    <subfield code="v">vol. 16</subfield>
  </datafield>
  <datafield tag="942" ind1=" " ind2=" ">
    <subfield code="2">ddc</subfield>
    <subfield code="n">0</subfield>
    <subfield code="c">BK</subfield>
  </datafield>
  <datafield tag="952" ind1=" " ind2=" ">
    <subfield code="0">0</subfield>
    <subfield code="1">0</subfield>
    <subfield code="2">ddc</subfield>
    <subfield code="4">0</subfield>
    <subfield code="7">0</subfield>
    <subfield code="8">FIC</subfield>
    <subfield code="a">BIBIB</subfield>
    <subfield code="b">BIBIB</subfield>
    <subfield code="c">LB</subfield>
    <subfield code="d">2025-03-14</subfield>
    <subfield code="l">1</subfield>
    <subfield code="o">B869.93 / A848m</subfield>
    <subfield code="p">2025-17234</subfield>
    <subfield code="r">2025-03-24 10:16:29</subfield>
    <subfield code="s">2025-03-24</subfield>
    <subfield code="w">2025-03-14</subfield>
    <subfield code="y">BK</subfield>
  </datafield>
  <datafield tag="999" ind1=" " ind2=" ">
    <subfield code="c">279</subfield>
    <subfield code="d">279</subfield>
  </datafield>
</record>
